| 000 | 00639nam a2200217 u 4500 | ||
|---|---|---|---|
| 005 | 20230602063614.0 | ||
| 008 | 170508s2015 r 000 0 eng d | ||
| 020 | _a9786078351428 (CIDCLI) | ||
| 020 | _a9786077451082 (CONACULTA) | ||
| 035 | _aUPN01000217542 | ||
| 049 | _aCG | ||
| 050 | 4 |
_aPQ7298.421 U3.6 _bA4.2 |
|
| 100 | 1 |
_aKühne Peimbert, Catalina, _d1971- _940376 |
|
| 245 | 1 | 0 |
_aAlas como cuchillos / _cCatalina Kühne ; il. Pablo Serrano. |
| 260 |
_aMéxico : _bCIDCLI : _bCONACULTA, _c2015. |
||
| 300 |
_a63 p. : _bil. |
||
| 440 | 0 | _aOtra rama | |
| 650 | 4 |
_aCuentos mexicanos _96937 |
|
| 905 | _aLibro | ||
| 999 |
_c189642 _d189642 |
||